Paroles - Société, tu m’auras pas ! - Renaud - Statistiques

Statistiques générales
  • Ce quiz a été pris 128 fois
  • Le résultat moyen est 170 sur 202
Statistiques - réponses
Réponse % Correct
ma
100%
m'aura
100%
pas
100%
Société
100%
société
100%
Tu
100%
m'auras
99%
de
96%
le
96%
les
95%
que
95%
a
94%
à
94%
Ce
94%
J'ai
94%
Je
94%
je
94%
en
93%
moi
93%
qui
93%
Qui
93%
toi
93%
Y
91%
au
90%
des
90%
eu
90%
pensais
90%
avant
89%
la
89%
La
89%
lui
89%
On
89%
on
89%
fin
88%
mais
88%
Mais
88%
sur
88%
tous
88%
Après
86%
Aprés
86%
cent
86%
c'est
86%
Et
86%
fini
86%
fois
86%
y
86%
cent
85%
crié
85%
premier
85%
toits
85%
dix
84%
Dylan
84%
hurlé
84%
viendra ?
84%
chanté
83%
chante
83%
Tirerai
83%
Antoine
81%
mois
81%
Oui
81%
te
81%
bon
80%
endroit
80%
j'viserai
79%
pendant
79%
pour
79%
dans
78%
Par
76%
récupérés
76%
se
76%
Cette
75%
ton
75%
vu
75%
gueule
74%
chanson
73%
crache
73%
ta
73%
attend
71%
hommes
71%
méchante
71%
petite
71%
prennaient
71%
cons
70%
fauteuil
70%
vraiment
70%
uniformes
69%
attendant
68%
connu
68%
étaient
68%
peau
68%
vit
68%
doute
66%
t'écoutes
66%
ville
66%
marché
65%
bien
64%
routes
64%
Partout
63%
pattelins
63%
virils
63%
Car
61%
Commune
61%
boulot
59%
vérité
59%
vaincra
58%
fric
56%
garde
53%
prends
53%
occuper
48%
Demain
41%
reflerira
13%
Aucun quiz correspondant
Distribution des résultats
% des personnes avec chaque résultat
Percentile par nombre de réponses
Votre historique - résultats
Vous n’avez pas pris ce quiz